000
00186 a2200097 4500
001
10470
100
_a
Pile, G.S.F.
245
_a
Ack Ack
260
_a
_b
Haveap
_c
090
_c
8090
_d
8090
942
_a
NUST-CAE
_c
M
_c
34812
999
_c
245543
_d
245543